GRE / (Record no. 5968)
[ view plain ]
| 000 -LEADER | |
|---|---|
| fixed length control field | 00941nac a22002531u 4500 |
| 010 ## - LIBRARY OF CONGRESS CONTROL NUMBER | |
| LC control number | 98664100 |
| 022 0# - INTERNATIONAL STANDARD SERIAL NUMBER | |
| International Standard Serial Number | 1090-9117 |
| 035 ## - SYSTEM CONTROL NUMBER | |
| System control number | (OCoLC)ocm35571904 |
| 082 10 - DEWEY DECIMAL CLASSIFICATION NUMBER | |
| Classification number | 378.166205 |
| 090 ## - LOCALLY ASSIGNED LC-TYPE CALL NUMBER (OCLC); LOCAL CALL NUMBER (OCLC) | |
| -- | 5968 |
| -- | 5968 |
| 100 ## - MAIN ENTRY--PERSONAL NAME | |
| Personal name | 20080729 |
| 245 00 - TITLE STATEMENT | |
| Title | GRE / |
| Statement of responsibility, etc | by the staff of Kaplan Educational Centers. |
| 246 1# - VARYING FORM OF TITLE | |
| Title proper/short title | Kaplan |
| 246 1# - VARYING FORM OF TITLE | |
| Title proper/short title | Graduate record exam |
| 246 1# - VARYING FORM OF TITLE | |
| Title proper/short title | Kaplan GRE |
| 260 ## - PUBLICATION, DISTRIBUTION, ETC. (IMPRINT) | |
| Place of publication, distribution, etc | New York, NY : |
| Name of publisher, distributor, etc | Simon & Schuster,1997 |
| Date of publication, distribution, etc | c1997- |
| 300 ## - PHYSICAL DESCRIPTION | |
| Extent | 3 v. : |
| Other physical details | ill. ; |
| Dimensions | 28 cm. + |
| Accompanying material | 1 CD-Rom ( 4 3/4 in.) |
| 500 ## - GENERAL NOTE | |
| General note | distributer: Al-Ahram |
| 511 ## - PARTICIPANT OR PERFORMER NOTE | |
| Participant or performer note | catalogued by: wessam |
| 650 #0 - SUBJECT ADDED ENTRY--TOPICAL TERM | |
| Topical term or geographic name as entry element | Graduate Record Examination |
| Form subdivision | Study guides |
| -- | Periodicals. |
| 710 2# - ADDED ENTRY--CORPORATE NAME | |
| Corporate name or jurisdiction name as entry element | Kaplan Educational Centers (Firm : New York, N.Y.) |
| 942 ## - ADDED ENTRY ELEMENTS (KOHA) | |
| Item type | Book - Borrowing |
| Call number prefix | 378.166205 |
| Withdrawn status | Item status | Damaged status | Not for loan | Home library | Current library | Shelving location | Date acquired | Source of acquisition | Total Checkouts | Total Renewals | Full call number | Barcode | Date last seen | Date last borrowed | Koha item type |
|---|---|---|---|---|---|---|---|---|---|---|---|---|---|---|---|
| Central Library | Central Library | First floor | 07/11/2011 | Purchase | 13 | 10 | 378.166205 GRE | 000007346 | 15/07/2025 | 28/11/2020 | Book - Borrowing |